Vox clamantis in deserto, hoc est, Conciones in singulas totius anni dominicas, declamatae potissimum ex cathedrà à Coloniae in famosa et inclyta Ecclesia R. R. P. P. Benedictinorum ad insulam, vulgò ad S. Martinum Majorem / a F. Matthia Keul, FF. Min. S. Francisci Recollectorum ss. theologiae lectore ac p. t., in supradictâ Ecclesia ordinario ecclesiaste

Detalles Bibliográficos
Autor principal: Keul, Matthias, O. F. M.
Otros Autores: Demen, Hermann, 1665-1710, ed
Formato: Libro
Lenguaje:Latin
Publicado: Coloniae : sumptibus Hermanni Demen, 1685-1686.
Materias:
Colección:Banco de datos
Acervo:Universidad Autónoma Benito Juárez de Oaxaca. Biblioteca Francisco de Burgoa. Colección antigua
Descripción Física:2 t. ; 4°
Tema general:Homilética
Notas:Portada tipográfica con viñeta y pleca en grabado xilográfico. Texto a dos columnas con paginación en números arábigos, apostillas marginales, cornisas, reclamos y signaturas. Incluyen capitulares con motivos florales en grabado xilográfico. Incluyen viñetas en grabado xilográfico a lo largo de la obra. Cada tomo con portada y numeración propias. Año de los t. 1-2 publicados en 1685. Paginación: t. 1 [2] h., 397 p., [1] h.; t. 2 [8] h., 442 p., [12] h. Encuadernación en pergamino sobre cartón. Marca de fuego: Casa del Noviciado de la Compañía de Jesús de Oaxaca, Oax. Marca de fuego: Convento de Santo Domingo de Oaxaca, Oax.
LEADER 02071nam a22002290004500
035 |a 1885 
041 0 |a lat 
100 1 |a Keul, Matthias, O. F. M. 
245 1 0 |a Vox clamantis in deserto, hoc est, Conciones in singulas totius anni dominicas, declamatae potissimum ex cathedrà à Coloniae in famosa et inclyta Ecclesia R. R. P. P. Benedictinorum ad insulam, vulgò ad S. Martinum Majorem / a F. Matthia Keul, FF. Min. S. Francisci Recollectorum ss. theologiae lectore ac p. t., in supradictâ Ecclesia ordinario ecclesiaste 
260 |a Coloniae : sumptibus Hermanni Demen, 1685-1686. 
300 |a 2 t. ; 4° 
500 |a Portada tipográfica con viñeta y pleca en grabado xilográfico. Texto a dos columnas con paginación en números arábigos, apostillas marginales, cornisas, reclamos y signaturas. Incluyen capitulares con motivos florales en grabado xilográfico. Incluyen viñetas en grabado xilográfico a lo largo de la obra. Cada tomo con portada y numeración propias. Año de los t. 1-2 publicados en 1685. Paginación: t. 1 [2] h., 397 p., [1] h.; t. 2 [8] h., 442 p., [12] h. Encuadernación en pergamino sobre cartón. Marca de fuego: Casa del Noviciado de la Compañía de Jesús de Oaxaca, Oax. Marca de fuego: Convento de Santo Domingo de Oaxaca, Oax.  
504 |a Al principio del t. 1 está el índice de temas y argumentos 
504 |a Al final del t. 1 están el índice de los lugares de la Sagrada Escritura y el índice de cosas y palabras  
505 0 0 |a t. 1 Conciones uti breves et compendiosae, ita solidae & exquisitae, omnibus Verbi Dei praeconibus faciles, utiles, ac opportunae, atque sufficientibus indicibus illustratae 
650 1 0 |a Homilética 
700 1 |a Demen, Hermann, 1665-1710, ed. 
740 0 |a Conciones in singulas totius anni dominicas 
852 |a Universidad Autónoma "Benito Juárez" de Oaxaca, Biblioteca Francisco de Burgoa, Colección antigua t. 1 (6171)  
942 |c BURANT 
943 |g Universidad Autónoma Benito Juárez de Oaxaca. Biblioteca Francisco de Burgoa. Colección antigua 
999 |c 1112896  |d 1112896